ՀՀ Գիտությունների ազգային ակադեմիայի հիմնարար գիտական գրադարան  =   Fundamental Scientific Library of NAS RA

Турция и пантуранизм / (Record no. 523504)

MARC details
000 -LEADER
fixed length control field 01248nam a2200265 a 4500
001 - CONTROL NUMBER
control field 1403488
003 - CONTROL NUMBER IDENTIFIER
control field AM-YEHGA
005 - DATE AND TIME OF LATEST TRANSACTION
control field 20250617164425.0
008 - FIXED-LENGTH DATA ELEMENTS--GENERAL INFORMATION
fixed length control field 180917s1930 fr ||||gr|||||||||0|rus|d
040 ## - CATALOGING SOURCE
Original cataloging agency AM-YeHGA
041 0# - LANGUAGE CODE
Language code of text/sound track or separate title rus
090 ## - LOCALLY ASSIGNED LC-TYPE CALL NUMBER (OCLC); LOCAL CALL NUMBER (RLIN)
-- 529819
100 1# - MAIN ENTRY--PERSONAL NAME
Personal name Зареванд,
Dates associated with a name 1890-1973
Fuller form of name (Налбандян, Завен)
245 10 - TITLE STATEMENT
Title Турция и пантуранизм /
Statement of responsibility, etc. Зареванд ; Введ. А.Н. Мандельштама.
260 ## - PUBLICATION, DISTRIBUTION, ETC.
Place of publication, distribution, etc. Париж :
Name of publisher, distributor, etc. [Комиссия Ай Дат АРПД],
Date of publication, distribution, etc. 1930.
300 ## - PHYSICAL DESCRIPTION
Extent 168 с. ;
Dimensions 20 см.
650 14 - SUBJECT ADDED ENTRY--TOPICAL TERM
Topical term or geographic name entry element История Турции
651 #4 - SUBJECT ADDED ENTRY--GEOGRAPHIC NAME
Geographic name Турция
General subdivision История
653 0# - INDEX TERM--UNCONTROLLED
Uncontrolled term Османская империя в новое время (2 пол. 17 в. -1917 г. ) - История - Идеология
653 0# - INDEX TERM--UNCONTROLLED
Uncontrolled term Страны Ближнего и Среднего Востока в новое время (2 пол. 17 в. -1917 г. ) - Турция - История
653 0# - INDEX TERM--UNCONTROLLED
Uncontrolled term Классовая борьба. Общественно-политические движения -- Пантюркизм
653 0# - INDEX TERM--UNCONTROLLED
Uncontrolled term Пантюркизм - История
700 1# - ADDED ENTRY--PERSONAL NAME
Personal name Мандельштам, А.Н.
Relator term авт. введ.
Relationship aui
942 ## - ADDED ENTRY ELEMENTS (KOHA)
Source of classification or shelving scheme Universal Decimal Classification
Koha item type Գրքեր / Books
Holdings
Withdrawn status Lost status Source of classification or shelving scheme Damaged status Not for loan Collection Home library Current library Date acquired Total checkouts Full call number Barcode Date last seen Price effective from Koha item type Public note
    Universal Decimal Classification     Gagik Sargsyan Individual Collection Fundamental Scientific Library Fundamental Scientific Library 02/02/2022   Г.Сарг/996 FL0670868 02/02/2022 02/02/2022 Գրքեր / Books ILL Non-Circ.
          General Fundamental Scientific Library Fundamental Scientific Library 04/10/2023   PII/661170 FL0667916 04/10/2023 04/10/2023 Գրքեր / Books 30 Days Loan
    Universal Decimal Classification     General Fundamental Scientific Library Fundamental Scientific Library 07/12/2023   РII/637341 FL0613812 07/12/2023 07/12/2023 Գրքեր / Books 30 Days Loan


ՀՀ ԳԱԱ հիմնարար գիտական գրադարան
ՀՀ,Երևան 0019
Մարշալ Բաղրամյան 24/6
հեռախոս:(374-10) 52-47-50
Հետադարձ կապ

All site content, except where otherwise noted, is licensed under a
Creative Commons License